Statistiques concernant Les villes hôtes des MTV Europe Music Awards

Cliquez ici pour prendre le quiz!

Statistiques générales

  • Ce quiz a été pris 30 fois
  • Le résultat moyen est 26 sur 29

Statistiques - réponses

AnnéePaysVille% Correct
2013Pays-BasAmsterdam
100%
2002EspagneBarcelone
100%
1994AllemagneBerlin
100%
2009AllemagneBerlin
100%
2006DanemarkCopenhague
100%
2005PortugalLisbonne
100%
1996Royaume UniLondres
100%
2017Royaume UniLondres
100%
2010EspagneMadrid
100%
1998ItalieMilan
100%
2015ItalieMilan
100%
2007AllemagneMunich
100%
1995FranceParis
100%
2023FranceParis
100%
1999IrlandeDublin
96%
2004ItalieRome
96%
2008Royaume UniLiverpool
92%
2016Pays-BasRotterdam
92%
1997Pays-BasRotterdam
92%
2019EspagneSeville
92%
2000SuèdeStockholm
92%
2021HongrieBudapest
88%
2001AllemagneFrancfort
83%
2012AllemagneFrancfort
83%
2003Royaume UniEdimbourg
71%
2018EspagneBilbao
67%
2014Royaume UniGlasgow
58%
2022AllemagneDüsseldorf
46%
2011Royaume UniBelfast
38%

Distribution des résultats

Percentile par nombre de réponses

% des personnes avec chaque résultat

Votre développement - résultats

Vous n’avez pas pris ce quiz